00565nam a22001457a 4500082002000000100002100020245009400041260004000135300001200175650003300187700002200220942000700242999001700249952015300266 a355.0095491 SCH aSchofield, Carey a Inside the Pakistan Army : a woman's experience on the frontline of the war on terror aLondon :bBiteback Publishingc2011 a232p. : aWar on Terrorism (2001-2009) a Carey Schofield cBK c11638d11638 001040708NFICaCLbCLcGENd2013-03-07eAllied Book Companyg1156.48l10m1o355.0095491 SCHpSEECS012109r2024-12-27s2024-12-17w2013-03-08yBK